000 00960nam a2200229 a 4500
001 BRCA_490
005 20190320203031.0
008 121005s1986----sp-a---###---#000-0#spa-d
041 _aspa
044 _asp
050 4 _aNK4123
_b.C27 1986
100 1 _aCasso y Ortiz de Villajas, Rosario de
_91692
245 1 0 _aPresente de la cerámica española 89´90´
_cRosario de Casso y Ortíz de Villajas.
260 _aMadrid
_bMinisterio de Asuntos Exteriores de España
_c1986
300 _a2 v.
_bil.
_c30 cm.
504 _aBibliografía: p. 57
505 0 _aContenido: v.1. Ejemplar en blanco y negro, escrito en español. -- v.2. Ejemplar a color, escrito en seis idiomas: alemán, francés, italiano, portugués, japonés e inglés
650 1 4 _aCerámica española
_vExposiciones
_ySiglo XX
_91693
650 1 4 _aCeramistas españoles
_vCatálogos
_ySiglo XX
_91694
710 2 _aDirección General de Relaciones Culturales y Científicas
_91695
942 _2lcc
_cB
999 _c424
_d424